| 000 | 00516nam a2200181Ia 4500 | ||
|---|---|---|---|
| 999 |
_c2300 _d2300 |
||
| 003 | MAJU-Karachi | ||
| 005 | 20221205162246.0 | ||
| 008 | 190802s9999 xx 000 0 und d | ||
| 020 | _a9780538475464 | ||
| 020 | _a0538475463 | ||
| 040 | _c0 | ||
| 100 | _aWisner, Joel D. ; Tan, Keah-Choon ; Leong, G. Keong | ||
| 245 | 0 |
_aPrinciples of Supply Chain Management _b A Balanced Approach |
|
| 250 | _aThird Edition | ||
| 260 |
_aAustralia _bCengage Learning _c2012 |
||
| 300 | _axix, 572 pages | ||
| 942 |
_cBK _2ddc |
||